Love and death

Guardado en:
Detalles Bibliográficos
Autor principal: Mushanokoji, Saneatsu
Formato: Libro
Lenguaje:Undetermined
Publicado: Japan The Hokuseido Press 1967
Materias:
Etiquetas: Agregar Etiqueta
Sin Etiquetas, Sea el primero en etiquetar este registro!
Thư viện lưu trữ: Trung tâm Học liệu Trường Đại học Cần Thơ
LEADER 00532nam a2200193Ia 4500
001 CTU_113572
008 210402s9999 xx 000 0 und d
082 |a 895.6 
082 |b M987 
100 |a Mushanokoji, Saneatsu 
245 0 |a Love and death 
245 0 |c Saneatsu Mushanokoji; Translated by Saburo Yamamura 
260 |a Japan 
260 |b The Hokuseido Press 
260 |c 1967 
650 |a Japan,Japanese literature 
650 |x Fiction 
904 |i Giang 
980 |a Trung tâm Học liệu Trường Đại học Cần Thơ